|
|
|
|
| LEADER |
01385nam a2200301 a 4500 |
| 001 |
14616744 |
| 003 |
BD-DhAAL |
| 008 |
091227s2004 bg ar p s 0 0eng d |
| 010 |
|
|
|a 2006541692
|
| 040 |
|
|
|a DLC
|c DLC
|d DLC
|d OCoLC
|d DLC
|d BD-DhAAL
|
| 082 |
0 |
0 |
|a 332.095492
|2 22
|
| 245 |
0 |
0 |
|a CDF microfinance statistics.
|n Volume 16 /
|c Credit and Development Forum.
|
| 246 |
3 |
0 |
|a Microfinance statistics
|
| 260 |
|
|
|a Dhaka :
|b Credit and Development Forum, Bangladesh,
|c 2006.
|
| 300 |
|
|
|a 265 pages :
|b maps ;
|c 26 cm.
|
| 362 |
0 |
|
|a Vol. 16
|
| 500 |
|
|
|a Chiefly statistical tables.
|
| 500 |
|
|
|a Description based on: Vol. 16 (Dec. 2003).
|
| 500 |
|
|
|a Microfinance statistics of NGOs and other MFLs.
|
| 541 |
1 |
|
|e 00013633
|
| 650 |
|
0 |
|a Microfinance
|z Bangladesh
|v Statistics
|v Periodicals.
|9 29984
|
| 650 |
|
0 |
|a Microfinance
|z Bangladesh
|v Periodicals.
|9 29985
|
| 710 |
2 |
|
|a Credit and Development Forum (Bangladesh)
|9 29986
|
| 852 |
4 |
|
|a Ayesha Abed Library
|j General shelf
|
| 942 |
|
|
|2 ddc
|c BK
|
| 999 |
|
|
|c 6459
|d 6459
|
| 952 |
|
|
|0 0
|1 0
|2 ddc
|4 0
|6 332_095492000000000_CDF
|7 0
|9 6544
|a BRACUL
|b BRACUL
|c GEN
|d 2009-12-27
|g 0.00
|l 0
|o 332.095492 CDF
|p 3010013665
|r 2009-12-27
|t 1
|w 2009-12-27
|y BK
|x No price found in the accession register.
|
| 952 |
|
|
|0 0
|1 4
|2 ddc
|4 0
|6 332_095492000000000_CDF
|7 0
|9 6545
|a BRACUL
|b BRACUL
|c AV
|d 2009-12-27
|l 0
|o 332.095492 CDF
|p 4010013665
|r 2009-12-27
|t 2
|w 2009-12-27
|y AV
|x Koha Inventory 2020
|